00573nam a22002057a 450000500170000001000150001702000260003203500130005803700130007108200140008410000090009824500760010726000330018327000500021630000250026649000390029165000100033065000100034070000170035020100813115918.0 aENG-100452 c245.00a9788186685129 aEN-83985 bDBAD/PUB a793.31954 aRaja aKuchipudik / cby Raja [and] Radha Reddy ; Photograpes Avinash Pasricha aNew DelhibWisdom Treec2004 aC-209/1 Mayapuri, Phase-IIbNew Delhie110064 a96p.c16cm (Hb)bill aDances of India ; Alka Raghuvanshi aDance aIndia aReddy, Radha